Datum a čas kvízu
29.5
Celkem bodů
Celkový počet nahraných bodů na tomto kvízu bez doplňovacích otázek.
6.
Pořadí na kvízu
Konečné umístění týmu na tomto kvízu.
Zaznamenané odpovědi
| # | Otázka | Odpověď | Body | Výsledky |
|---|---|---|---|---|
| 1. | „Pro ___. Ne pro ___." Doplňte... | vás; politiky | 0.5 | |
| 2. | Vskutku kuriózním způsobem vyp... | D | 1 | |
| 3. | Napište jméno skotského herce... | Iain Glen; Hra o trůny | 0.5 | |
| 4. | Jedna automobilka představila... | Ferrari | 0 | |
| 5. | Na sociálních sítích jste mohl... | B) krasobruslení | 1 | |
| 6. | Hned v úvodu bod rozdělíme: za... | Ulánbátar; Altaj | 0.5 | |
| 7. | Mongolština může být zapisován... | cyrilice (azbuka) | 0 | |
| 8. | Jak se jmenuje hudební skupina... | The Hu | 1 | |
| 9. | Které náboženství je v Mongols... | buddhismus (lamaismus) | 1 | |
| 10. | Do Mongolska zasadila děj svéh... | babičce | 0 |